00943njm a2200277Ia 450000100060000000300090000600500170001500800410003204000130007304000130008604100130009910000190011210000180013110000350014924500140018425000110019826000090020926000630021830000170028130000300029850000540032850500990038251100670048165000560054870000610060421252IT-RoPAU20220918181202.0131025s9999 xx 000 0 und d aIT-RoPAU cIT-RoPAU aITALIANO aVerdi Giuseppe eAutore musica gCodice autore musica SPICS: 89 aRigoletto a1a ed. aROMA bSPICS RECORDSc1982 [1a Ed.:1982 - Ed. Lingua Orig.: 1851] aMUSICASSETTA c116 minuti (Testo: pag.) aMusica operistica. Musica lirica. Musica classica aMelodramma in tre atti di Francesco Maria Piave dalla tragedia "Le roi s'amuse" di Victor Hugo aLondon Symphony Orchestra-Ambrosian diretta da Bonynge Richard aOPERA LIRICA [CASSETTE]eCodice MATERIA SPICS: 9951 aPiave Francesco MariaeAutore testogCodice autore testo